Estadística en comercilización - Mercadometría (Registro nro. 2916)

Detalles MARC
000 -LEADER
fixed length control field 00900 a2200205 4500
001 - CONTROL NUMBER
control field 38671
005 - DATE AND TIME OF LATEST TRANSACTION
control field 20260407155648.0
008 - FIXED-LENGTH DATA ELEMENTS--GENERAL INFORMATION
fixed length control field 260407a1972 arg spa d
003 - CONTROL NUMBER IDENTIFIER
control field AR-UNSa-BCEJYS
040 ## - CATALOGING SOURCE
Original cataloging agency AR-UNSa-BCEJYS
Language of cataloging spa
Transcribing agency AR-UNSa-BCEJYS
080 ## - UNIVERSAL DECIMAL CLASSIFICATION NUMBER
Universal Decimal Classification number 519.22
Common auxiliary subdivision Teoría estadística. Modelos estadísticos. Estadística matemática en general<br/>
100 1# - MAIN ENTRY--PERSONAL NAME
Personal name Levy, Alberto R.
245 10 - TITLE STATEMENT
Title Estadística en comercilización - Mercadometría
264 #1 - PRODUCTION, PUBLICATION, DISTRIBUTION, MANUFACTURE, AND COPYRIGHT NOTICE
Place of production, publication, distribution, manufacture Buenos Aires :
Name of producer, publisher, distributor, manufacturer Editorial de la sociedad de administración cientifica
Date of production, publication, distribution, manufacture, or copyright notice 1972
300 ## - PHYSICAL DESCRIPTION
Extent 107 p.
Dimensions 20 cm.
520 ## - SUMMARY, ETC.
Summary, etc. 1. Introducción - 2. Medidas de posición - 3. Medidas de dispersión - 4. Teoría de la probabilidad - 5. Análisis de regresión y correlación - 6. Análisis de series cronológicas - 8. Tests de significación
505 ## - FORMATTED CONTENTS NOTE
Formatted contents note 1. Introducción - 2.
590 ## - LOCAL NOTE (RLIN)
Local note niveau_biblio:m niveau_hierar:0
942 ## - ADDED ENTRY ELEMENTS (KOHA)
Koha item type
Existencias
Withdrawn status Lost status Damaged status Not for loan Home library Current library Shelving location Date acquired Total checkouts Full call number Barcode Date last seen Price effective from Koha item type
        Biblioteca Prof. Eusebio Cleto del Rey Biblioteca Prof. Eusebio Cleto del Rey   07/04/2026   519.22 L668 L13240 07/04/2026 07/04/2026 Libro